[Event "BCF-chT2b 1920 (4NCL)"]
[Site "Daventry"]
[Date "2020.03.01"]
[Round "2.56"]
[White "Fu, Yuting"]
[Black "Varnam, Liam"]
[Result "0-1"]
[WhiteElo "1856"]
[BlackElo "2076"]
[PlyCount "118"]
[EventDate "2020.01.11"]
[EventType "team-tourn"]
[EventRounds "11"]
[EventCountry "ENG"]
[SourceTitle "CBM 195 Extra"]
[Source "ChessBase"]
[SourceDate "2020.05.31"]
[SourceVersion "1"]
[SourceVersionDate "2020.05.31"]
[SourceQuality "1"]
[WhiteTeam "Oxford"]
[BlackTeam "Grantham Sharks II"]
[WhiteTeamCountry "ENG"]
[BlackTeamCountry "ENG"]

1. d4 d5 2. c4 dxc4 3. e3 e6 4. Bxc4 Nf6 5. Nf3 c5 6. 0-0 a6 7. a4 Nc6 8. Nc3 cxd4 9. exd4 Be7 10. d5 exd5 11. Nxd5 Nxd5 12. Bxd5 0-0 13. Qb3 Qd6 14. Rd1 Qb4 15. Be3 Qxb3 16. Bxb3 Bg4 17. h3 Bf5 18. Rac1 Rad8 19. Bb6 Rxd1+ 20. Rxd1 Rc8 21. Bd5 Nb4 22. Bb3 Nd3 23. Bd4 Nc5 24. Bd5 b6 25. Ne5 Be6 26. Bxe6 fxe6 27. Bxc5 Rxc5 28. Nd7 Rc2 29. b3 Rb2 30. Rd3 b5 31. axb5 axb5 32. Re3 Bd6 33. g3 Kf7 34. Rf3+ Ke8 35. Nb6 Bc7 36. Re3 Kf7 37. Nd7 Ke7 38. Nc5 e5 39. Ne4 h6 40. Kg2 Bb6 41. Rd3 Bd4 42. g4 Ke6 43. Kg3 Kd5 44. f3 b4 45. g5 hxg5 46. Kg4 Rc2 47. Kxg5 Rc3 48. Nxc3+ bxc3 49. Rd1 c2 50. Re1 Kc5 51. Kf5 Kb4 52. h4 Bf2 53. Rc1 Kxb3 54. h5 Be3 55. Rxc2 Kxc2 56. Kxe5 Kd3 57. f4 Ke2 58. Kf5 Kf3 59. h6 gxh6 0-1

[Event "BCF-chT4S 1920 (4NCL)"]
[Site "England"]
[Date "2019.11.09"]
[Round "1.204"]
[White "Fu, Yuting"]
[Black "Portman, Carl S"]
[Result "1/2-1/2"]
[WhiteElo "1900"]
[BlackElo "1868"]
[PlyCount "62"]
[EventDate "2019.11.09"]
[EventType "team-swiss"]
[EventRounds "11"]
[EventCountry "ENG"]
[SourceTitle "EXT 2022"]
[Source "ChessBase"]
[SourceDate "2021.10.06"]
[SourceVersion "1"]
[SourceVersionDate "2021.10.06"]
[SourceQuality "1"]
[WhiteTeam "Oxford IV"]
[BlackTeam "War and Piece"]
[WhiteTeamCountry "ENG"]
[BlackTeamCountry "ENG"]

1. d4 d5 2. c4 e6 3. Nc3 a6 4. Nf3 Nf6 5. Bg5 Be7 6. e3 0-0 7. Bd3 h6 8. Bh4 Nbd7 9. 0-0 dxc4 10. Bxc4 b5 11. Bd3 Bb7 12. Rc1 Rc8 13. Qe2 c5 14. Rfd1 Bxf3 15. Qxf3 cxd4 16. exd4 Qb6 17. Bg3 Rfd8 18. d5 exd5 19. Nxd5 Nxd5 20. Rxc8 Rxc8 21. Qxd5 Nf6 22. Qf3 Qc6 23. Qf5 Qc5 24. Bf4 Qxf5 25. Bxf5 Rc5 26. Bb1 a5 27. Be3 Rd5 28. Rc1 g5 29. h3 Bd6 30. g3 Be5 31. b3 Bd4 1/2-1/2